Estado y clases en las sociedades antiguas / (Record no. 61072)

MARC details
000 -LEADER
campo de control de longitud fija 00415nam a2200145 i 4500
001 - NÚMERO DE CONTROL
campo de control 61072
003 - IDENTIFICADOR DE NÚMERO DE CONTROL
campo de control ES-MaACL
007 - CAMPO FIJO DE DESCRIPCIÓN FÍSICA--INFORMACIÓN GENERAL
campo de control de longitud fija t|
008 - DATOS DE LONGITUD FIJA--INFORMACIÓN GENERAL
campo de control de longitud fija 031110s1982 sp ||||1| spa d
245 00 - MENCIÓN DEL TÍTULO
Título Estado y clases en las sociedades antiguas /
Mención de responsabilidad, etc. S.L. Utchenko ... [et al.].
260 ## - PUBLICACIÓN, DISTRIBUCIÓN, ETC.
Lugar de publicación, distribución, etc. [Madrid] :
Nombre del editor, distribuidor, etc. Akal,
Fecha de publicación, distribución, etc. [1982]
300 ## - DESCRIPCIÓN FÍSICA
Extensión 176 p. ;
Dimensiones 22 cm.
700 1# - ENTRADA AGREGADA--NOMBRE PERSONAL
Nombre de persona Utchenko, S. L.
9 (RLIN) 112323
852 ## - LOCALIZACIÓN
Ubicación ES-MaACL
Número de control de estantería L-3854
Sublocalización o colección R.104558
Holdings
Estatus retirado Estado de pérdida Estado de daño No para préstamo Biblioteca de origen Biblioteca actual Ubicación en estantería Fecha de adquisición Fuente de adquisición Total de préstamos Signatura topográfica completa Código de barras Visto por última vez Precio de reemplazo Tipo de ítem Koha
        Biblioteca del Ateneo de Madrid Biblioteca del Ateneo de Madrid Depósito 2 17/01/2008     L-3854 1064043 23/02/2023 23/02/2023 Libro impreso